Sports Quiz

Random Sports or College Quiz

NBA Draft Highest Pick by College Quiz Stats

Quiz not verified by Sporcle

Challenge
Share
Tweet
Embed
Score 0/50 Timer 08:00
0 Plays Today
College Player % Correct
KentuckyJohn Wall
76.3%
GeorgetownPatrick Ewing/Allen Iverson
75.3%
UCLAKareem Abdul-Jabbar/Bill Walton
75.1%
ArizonaMike Bibby/Derrick Williams
74.5%
Michigan StateMagic Johnson
72.5%
DukeElton Brand/Art Heyman/Kyrie Irving
70.3%
IllinoisDeron Williams
69.9%
TexasLaMarcus Aldridge/Kevin Durant
68.9%
OklahomaBlake Griffin
67.3%
Ohio StateGreg Oden
65%
CincinnatiOscar Robertson/Kenyon Martin
64.6%
MarquetteDwyane Wade
62.4%
UtahAndrew Bogut/Bill McGill
60.9%
ConnecticutEmeka Okafor/Hasheem Thabeet
52.9%
North CarolinaJames Worthy/Brad Daugherty
50.8%
PurdueGlenn Robinson/Joe Barry Carroll
50.3%
KansasDanny Manning
49.6%
CaliforniaJason Kidd
49.4%
USCO.J. Mayo
44.6%
N.C. StateDavid Thompson
44.5%
Washington StateKlay Thompson
44.5%
MinnesotaMychal Thompson
44.4%
BYUShawn Bradley/Mel Hutchins
44%
SyracuseDerrick Coleman
40%
PittsburghCharles Smith
37.6%
College Player % Correct
Oregon StateGary Payton
37.5%
LouisvillePervis Ellison
32.1%
Notre DameAustin Carr
25.7%
IndianaWalt Bellamy/Kent Benson
16.2%
AlabamaAntonio McDyess
14.7%
IowaFred Brown
14.3%
VanderbiltClyde Lee
9.4%
Kansas StateBob Boozer/Howie Shannon
5.8%
Oklahoma StateBob Harris
5.1%
MissouriSteve Stipanovich
2.8%
West VirginiaHot Rod Hundley/Mark Workman
2.7%
VillanovaJim Washington/Tom Hoover
2.3%
TempleTim Perry/Hal Lear
1.7%
DaytonJim Paxson
1.2%
PrincetonGeoff Petrie
1.1%
Western KentuckyClem Haskins
0.9%
BradleyGene Melchiorre
0.5%
PennsylvaniaCorky Calhoun
0.4%
WashingtonBob Houbregs
0.4%
St. Joseph'sMike Bantom
0.2%
St. John's (NY)Sonny Dove
0.1%
ArkansasGeorge Kok
0.1%
TennesseeTom Boerwinkle
0.1%
OregonJim Loscutoff
0.1%
Utah StateShaler Hamilon
0.1%

You're not logged in!

Compare scores with friends on all Sporcle quizzes.
Sign Up with Email
OR
Log In

You Might Also Like...

Show Comments

Extras

Top Quizzes Today


Score Distribution

Your Account Isn't Verified!

In order to create a playlist on Sporcle, you need to verify the email address you used during registration. Go to your Sporcle Settings to finish the process.

Report this User

Report this user for behavior that violates our Community Guidelines.

Details: